[Event "Queenstown Classic"]
[Site "Queenstown"]
[Date "2009.01.19"]
[Round "5.9"]
[White "Lukey, Stephen"]
[Black "Van Riemsdijk, Herman"]
[Result "1-0"]
[WhiteElo "2247"]
[BlackElo "2392"]
[PlyCount "109"]
[EventDate "2009.??.??"]

1. d4 Nf6 2. c4 c5 3. d5 b5 4. Nf3 d6 5. Qc2 Na6 6. Nc3 bxc4 7. a3 g6 8. e4 Bg7
9. Bxc4 O-O 10. O-O Nd7 11. Re1 Nb6 12. Ba2 Nc7 13. Bg5 f6 14. Bf4 Nd7 15. Rac1
a5 16. Nd2 Ne5 17. Nc4 Bd7 18. Nxe5 fxe5 19. Be3 Nb5 20. Nxb5 Bxb5 21. Bc4 Bxc4
22. Qxc4 Qd7 23. Rc3 Rfb8 24. Bc1 Qb5 25. Qa2 Rb7 26. Qb1 Rab8 27. Qc2 Qd7 28.
Qe2 Rb3 29. Rxb3 Rxb3 30. Qa6 Qd8 31. h4 Bf6 32. g3 Kg7 33. Kg2 h6 34. Qe2 Qd7
35. Qd2 g5 36. hxg5 hxg5 37. Qxa5 Qg4 38. Qd2 Qf3+ 39. Kg1 Rd3 40. Qc2 Rd4 41.
a4 Rb4 42. a5 Rb8 43. Qd1 Qxd1 44. Rxd1 Ra8 45. Bd2 Kf7 46. Ra1 Ra6 47. Kf1 e6
48. dxe6+ Kxe6 49. Ke2 c4 50. g4 Kd7 51. Ra4 d5 52. exd5 e4 53. Rxc4 Bxb2 54.
Rxe4 Ba3 55. Kd3 1-0

[Event "Queenstown Classic"]
[Site "Queenstown"]
[Date "2009.01.19"]
[Round "5.10"]
[White "Ikeda, Junta"]
[Black "Motoc, Alina"]
[Result "0-1"]
[WhiteElo "2247"]
[BlackElo "2358"]
[PlyCount "226"]
[EventDate "2009.??.??"]

1. d4 Nf6 2. Nf3 g6 3. c4 Bg7 4. Nc3 O-O 5. h3 d6 6. Bf4 c6 7. e3 a6 8. Be2 b5
9. a3 Nbd7 10. O-O Bb7 11. Qc2 bxc4 12. Bxc4 c5 13. Ng5 d5 14. Ba2 cxd4 15.
exd4 Rc8 16. Qa4 Qb6 17. Qb4 Rfe8 18. Rfe1 e6 19. Bd6 Qc6 20. a4 a5 21. Qa3 Qb6
22. Nb5 Ba6 23. b4 Bxb5 24. bxa5 Qxa5 25. axb5 Qxb5 26. Rab1 Qc6 27. Bb3 Qc3
28. Red1 Ra8 29. Qb4 Qxb4 30. Bxb4 Reb8 31. Bc2 Ra2 32. Bb3 Ra6 33. Bc2 Rab6
34. Be7 Rxb1 35. Rxb1 Rxb1+ 36. Bxb1 h6 37. Nf3 Ne4 38. Bd3 Nb8 39. Bxe4 dxe4
40. Ne5 f6 41. Nxg6 Kf7 42. Bd6 Nc6 43. Nf4 Nxd4 44. Kf1 f5 45. Nh5 Bh8 46. Ke1
Nb5 47. Bc5 Be5 48. Be3 Bc3+ 49. Ke2 e5 50. f3 Kg6 51. g4 f4 52. Nxf4+ exf4 53.
Bxf4 Nd4+ 54. Ke3 exf3 55. Kf2 Ne6 56. Kxf3 Be1 57. Be3 Bh4 58. Bd2 Nd8 59. Bf4
Nf7 60. Be3 Kf6 61. Bd4+ Ke6 62. Be3 Kd5 63. Bf4 Ng5+ 64. Kg2 Ke4 65. Bc1 Nf7
66. Bd2 Kd3 67. Bf4 Ke2 68. Bc1 Ng5 69. Bf4 Bf2 70. Be5 Nf3 71. Bf4 Nh4+ 72.
Kh2 Be3 73. Bg3 Ng6 74. Kg2 Bg5 75. Bc7 Ke3 76. Bb6+ Ke2 77. Bc7 Nh4+ 78. Kg3
Ke3 79. Bb6+ Ke4 80. Bc7 Ng6 81. Kf2 Bf4 82. Bd8 Ne5 83. Kg2 Nf3 84. Kf2 Bg5
85. Ba5 Bh4+ 86. Kg2 Ke3 87. Bb6+ Ke2 88. Ba5 Bf2 89. Bd8 Ne1+ 90. Kh2 Kf3 91.
Bc7 Be3 92. Bd8 Bf4+ 93. Kg1 Kg3 94. h4 Kxg4 95. h5 Bg5 96. Bc7 Kxh5 97. Bg3
Nf3+ 98. Kg2 Kg4 99. Bh2 Bf4 100. Bg1 Nh4+ 101. Kh1 Kh3 102. Bh2 Bg5 103. Bd6
Nf5 104. Bh2 Ne3 105. Bg1 Ng4 106. Bc5 Be3 107. Be7 Nf2+ 108. Kg1 Ne4+ 109. Kf1
Ng3+ 110. Ke1 Kg2 111. Bh4 Bg5 112. Bxg3 Kxg3 113. Kf1 Be3 0-1

[Event "Queenstown Classic"]
[Site "Queenstown"]
[Date "2009.01.19"]
[Round "5.11"]
[White "West, Guy"]
[Black "Bakker, Sven"]
[Result "1-0"]
[WhiteElo "2346"]
[BlackElo "2233"]
[PlyCount "55"]
[EventDate "2009.??.??"]

1. d4 Nf6 2. Nf3 d5 3. e3 g6 4. c4 Bg7 5. Nc3 O-O 6. Qb3 c6 7. Bd2 dxc4 8. Bxc4
b5 9. Be2 Be6 10. Qc2 a5 11. O-O h6 12. Rfd1 Nbd7 13. Rac1 Qb6 14. h3 Rfc8 15.
e4 Qb7 16. b3 Nb6 17. Bd3 Bd7 18. Qb1 Be8 19. e5 Nfd5 20. Ne4 Nd7 21. e6 fxe6
22. Nc5 Nxc5 23. Rxc5 g5 24. Re1 Rd8 25. Bg6 Rd6 26. Ne5 Bxg6 27. Qxg6 Rf8 28.
Ng4 1-0

[Event "Queenstown Classic"]
[Site "Queenstown"]
[Date "2009.01.19"]
[Round "5.12"]
[White "Drummond, Matthew"]
[Black "Garbett, Paul"]
[Result "0-1"]
[WhiteElo "2236"]
[BlackElo "2329"]
[PlyCount "80"]
[EventDate "2009.??.??"]

1. c4 e5 2. g3 c6 3. d4 d6 4. Nc3 Nf6 5. Nf3 Nbd7 6. Bg2 Be7 7. O-O O-O 8. Rb1
Re8 9. e4 a6 10. Re1 b5 11. cxb5 cxb5 12. b4 Bb7 13. d5 Rc8 14. Qb3 Nb6 15. Bh3
Rc7 16. Nh4 Bc8 17. Bf1 Ng4 18. Ng2 Bd7 19. f3 Nf6 20. Rd1 Qc8 21. Bd2 Qb7 22.
Rbc1 Rec8 23. Be1 Bh3 24. Rc2 Nfd7 25. Ne3 Bxf1 26. Kxf1 Bg5 27. Nf5 Nc4 28.
Re2 g6 29. h4 Bd8 30. Ne3 Nxe3+ 31. Rxe3 Rc4 32. a4 bxa4 33. Nxa4 Qb5 34. Kg2
Nb6 35. Nxb6 Bxb6 36. Red3 Bd4 37. Qa3 Kg7 38. Qa5 Rc2+ 39. Kh3 Qc4 40. b5 axb5
0-1

[Event "Queenstown Classic"]
[Site "Queenstown"]
[Date "2009.01.19"]
[Round "5.13"]
[White "Brown, Andrew"]
[Black "Croad, Nicolas"]
[Result "1-0"]
[WhiteElo "1987"]
[BlackElo "2305"]
[PlyCount "69"]
[EventDate "2009.??.??"]

1. d4 Nf6 2. c4 e6 3. Nf3 b6 4. g3 Ba6 5. Qc2 c5 6. d5 exd5 7. cxd5 Bb7 8. Nc3
Nxd5 9. Bg5 Nf6 10. O-O-O Be7 11. Bxf6 Bxf6 12. Nd5 O-O 13. h4 Nc6 14. Qf5 Nd4
15. Nxd4 Bxd4 16. e3 g6 17. Qe4 Re8 18. Qf3 Bxd5 19. Qxd5 Bg7 20. Bc4 Qf6 21.
Rd2 b5 22. Bxb5 Rab8 23. Bc4 Rf8 24. e4 Qe7 25. f4 Bd4 26. Re2 d6 27. h5 Qf6
28. b3 Qe7 29. h6 Bh8 30. Rd1 Qf6 31. e5 dxe5 32. Rxe5 Rbe8 33. Rde1 Rd8 34.
Qxc5 Rc8 35. Qxc8 1-0

[Event "Queenstown Classic"]
[Site "Queenstown"]
[Date "2009.01.19"]
[Round "5.14"]
[White "Smith, Robert"]
[Black "Duneas, John"]
[Result "1/2-1/2"]
[WhiteElo "2281"]
[BlackElo "2075"]
[PlyCount "113"]
[EventDate "2009.??.??"]

1. d4 d5 2. c4 c6 3. Nf3 Nf6 4. e3 e6 5. Nbd2 Bd6 6. b3 Nbd7 7. Bb2 O-O 8. Bd3
Qa5 9. O-O Ba3 10. Bxa3 Qxa3 11. Qc2 c5 12. cxd5 exd5 13. Rac1 cxd4 14. exd4
Re8 15. Rfe1 Rxe1+ 16. Rxe1 Nf8 17. Nb1 Qa5 18. Qd2 Qb6 19. h3 Bd7 20. Nc3 Rc8
21. Ne5 Qb4 22. Re3 g6 23. Be2 Ne6 24. Nf3 Kg7 25. g3 a5 26. Bf1 b5 27. Bg2 a4
28. bxa4 bxa4 29. Ne5 Nxd4 30. Nxd7 Nxd7 31. Rd3 Rxc3 32. Rxd4 Qb1+ 33. Kh2 Rc2
34. Qe3 Qxa2 35. Rf4 Nf6 36. g4 Re2 37. Qa7 Qd2 38. Rf3 h5 39. gxh5 gxh5 40.
Rg3+ Kf8 41. Qc5+ Re7 42. Qd6 Ne8 43. Qc5 Qf4 44. Kg1 Qd6 45. Qd4 Nf6 46. Qxa4
d4 47. Qa8+ Re8 48. Qc6 Re1+ 49. Kh2 Ke7 50. Qb7+ Nd7 51. Qd5 Qxd5 52. Bxd5 Ne5
53. f4 Ng6 54. Rd3 Nxf4 55. Rxd4 Ng6 56. Bf3 h4 57. Bh5 1/2-1/2

[Event "Queenstown Classic"]
[Site "Queenstown"]
[Date "2009.01.19"]
[Round "5.16"]
[White "Ker, Anthony"]
[Black "Zulfic, Fedja"]
[Result "1-0"]
[WhiteElo "2231"]
[BlackElo "1956"]
[PlyCount "67"]
[EventDate "2009.??.??"]

1. e4 c5 2. c3 g6 3. d4 cxd4 4. cxd4 d5 5. exd5 Nf6 6. Nc3 Nxd5 7. Bc4 Nb6 8.
Bb3 Bg7 9. Nf3 O-O 10. h3 Nc6 11. Be3 Na5 12. Bc2 Nac4 13. Qe2 Nxe3 14. fxe3 e5
15. Nxe5 Bxe5 16. dxe5 Qg5 17. O-O Be6 18. Bb3 Bxb3 19. axb3 Qxe5 20. Qf3 Nd7
21. Rad1 Qe6 22. Ne4 Ne5 23. Nf6+ Kg7 24. Qxb7 Rab8 25. Qxa7 Rxb3 26. Qd4 Rfb8
27. Nd7 R8b5 28. Nc5 Rxc5 29. Qxc5 Nc4 30. Rd8 Kh6 31. Qf8+ Kg5 32. Re8 Qc6 33.
Rxf7 Nxe3 34. Qe7+ 1-0

[Event "Queenstown Classic"]
[Site "Queenstown"]
[Date "2009.01.19"]
[Round "5.17"]
[White "Wohl, Alex"]
[Black "Dizdarevic, Mehmedalija"]
[Result "1-0"]
[WhiteElo "2342"]
[BlackElo "2102"]
[PlyCount "101"]
[EventDate "2009.??.??"]

1. Nf3 Nf6 2. c4 g6 3. Nc3 Bg7 4. g3 O-O 5. Bg2 d6 6. O-O c6 7. d4 Bd7 8. h3
Qc8 9. Kh2 Qc7 10. e4 Be6 11. d5 Bc8 12. Bf4 Nh5 13. Be3 Nd7 14. Qd2 Re8 15.
Rac1 Nb6 16. b3 Nd7 17. Rfe1 a6 18. Bd4 c5 19. Bxg7 Kxg7 20. Nd1 h6 21. Nb2 Kh7
22. Nd3 Ne5 23. Nfxe5 dxe5 24. b4 cxb4 25. Qxb4 Bd7 26. c5 Bb5 27. Nb2 Rab8 28.
a4 Bd7 29. Nc4 Rec8 30. Nb6 Re8 31. Red1 Qd8 32. a5 Bb5 33. Qb2 Qc7 34. Rd2 Nf6
35. d6 exd6 36. cxd6 Qd8 37. Rc7 Kg7 38. f4 exf4 39. e5 fxg3+ 40. Kxg3 Nh5+ 41.
Kh2 Re6 42. Rf2 Qg5 43. Rcxf7+ Kg8 44. d7 Bd3 45. Qc3 Bf5 46. R7xf5 gxf5 47.
Bd5 Kf7 48. Bxe6+ Kxe6 49. Qc4+ Ke7 50. Qc5+ Kf7 51. Qd5+ 1-0

[Event "Queenstown Classic"]
[Site "Queenstown"]
[Date "2009.01.19"]
[Round "5.19"]
[White "Jones, Brian"]
[Black "Lyell, Mark"]
[Result "0-1"]
[WhiteElo "2074"]
[BlackElo "2287"]
[PlyCount "158"]
[EventDate "2009.??.??"]

1. c4 e5 2. Nc3 Nc6 3. e3 Nf6 4. Nf3 Bb4 5. Qc2 O-O 6. Nd5 Re8 7. Qf5 Be7 8.
Nxe5 Nxe5 9. Qxe5 Nxd5 10. Qxd5 Rb8 11. Be2 b5 12. O-O Rb6 13. cxb5 Bb7 14. Qb3
Rg6 15. g3 Bd6 16. e4 Rxe4 17. Bf3 Rb4 18. Qc3 Qa8 19. Bxb7 Qxb7 20. d4 Rxb5
21. Qd3 h5 22. Re1 Kf8 23. h4 Qd5 24. Bg5 Rxb2 25. Re3 Kg8 26. Re8+ Kh7 27.
Rae1 f5 28. Qd1 f4 29. R8e5 Bxe5 30. Qxh5+ Rh6 31. Bxh6 g6 32. Qxe5 Qxe5 33.
Rxe5 Kxh6 34. Ra5 fxg3 35. fxg3 Rc2 36. a4 Kg7 37. Rxa7 Kf6 38. Ra5 Rd2 39. Ra7
Rc2 40. Ra5 c6 41. d5 c5 42. Ra6+ Kf5 43. Rd6 c4 44. Rxd7 c3 45. Rc7 Ke5 46. a5
Kxd5 47. a6 Kd4 48. a7 Ra2 49. Kf1 Kd3 50. Rd7+ Ke3 51. Re7+ Kf3 52. Rf7+ Kxg3
53. Rc7 Ra1+ 54. Ke2 Kxh4 55. Rc4+ Kh5 56. Rxc3 Rxa7 57. Kf2 g5 58. Kg3 Ra1 59.
Rc8 Ra3+ 60. Kg2 Kh4 61. Rh8+ Kg4 62. Rb8 Ra2+ 63. Kf1 Kh4 64. Rh8+ Kg3 65. Rb8
Ra1+ 66. Ke2 g4 67. Rb4 Kh3 68. Rb8 Kg2 69. Rg8 g3 70. Rh8 Ra5 71. Ke3 Rf5 72.
Rg8 Kh2 73. Ke2 g2 74. Rh8+ Kg1 75. Rg8 Rf2+ 76. Ke1 Rf3 77. Ke2 Rh3 78. Rg7
Kh1 79. Kf2 Rh2 0-1

[Event "Queenstown Classic"]
[Site "Queenstown"]
[Date "2009.01.19"]
[Round "5.21"]
[White "Guo, Emma"]
[Black "Pyke, Malcolm"]
[Result "1-0"]
[WhiteElo "1778"]
[BlackElo "2182"]
[PlyCount "85"]
[EventDate "2009.??.??"]

1. e4 e6 2. d4 d5 3. e5 c5 4. c3 Nc6 5. Nf3 Bd7 6. Bd3 Rc8 7. dxc5 Bxc5 8. b4
Bf8 9. a4 f6 10. b5 Na5 11. Nh4 Qe7 12. Bg6+ Kd8 13. Ba3 Rc5 14. Bxc5 Qxc5 15.
Bc2 fxe5 16. Nf3 e4 17. Ne5 Nh6 18. Nxd7 Kxd7 19. Bxe4 Bd6 20. Bf3 Rf8 21. O-O
Nf7 22. g3 Ne5 23. Bg2 Rf5 24. Ra2 Qc4 25. Rb2 Bc5 26. Rd2 Bb6 27. Kh1 Qb3 28.
Bh3 Qxd1 29. Rfxd1 Rh5 30. Kg2 Kd6 31. Re2 Nac4 32. Nd2 Nxd2 33. Rexd2 Nc4 34.
Re2 Rh6 35. Re4 Nb2 36. Rd2 Kc5 37. Rf4 Nc4 38. Re2 Nd6 39. Bxe6 g5 40. Rd4
Rxe6 41. Rxe6 Ne4 42. Rdxe4 dxe4 43. Rxe4 1-0

[Event "Queenstown Classic"]
[Site "Queenstown"]
[Date "2009.01.19"]
[Round "5.22"]
[White "Corke, Anya"]
[Black "Zickelbein, Eva-Maria"]
[Result "1/2-1/2"]
[WhiteElo "2260"]
[BlackElo "2070"]
[PlyCount "60"]
[EventDate "2009.??.??"]

1. d4 d6 2. c4 e5 3. Nf3 e4 4. Ng5 f5 5. g3 Be7 6. h4 Nf6 7. Nc3 O-O 8. e3 c5
9. d5 a6 10. Be2 h6 11. Nh3 Nbd7 12. Nf4 Ne5 13. b3 Qa5 14. Qd2 Bd8 15. Bb2 Rb8
16. Ne6 Re8 17. Nxd8 Qxd8 18. Nd1 b5 19. Bxe5 Rxe5 20. b4 cxb4 21. Qxb4 a5 22.
Qb2 b4 23. Nc3 Bd7 24. Nb1 Qc7 25. Nd2 Bc8 26. Nb3 Bd7 27. Nd4 Rbe8 28. Rc1 a4
29. Kf1 Rc8 30. Kg2 Qa5 1/2-1/2

[Event "Queenstown Classic"]
[Site "Queenstown"]
[Date "2009.01.19"]
[Round "5.23"]
[White "Jackson, Ross"]
[Black "Zawadzka, Jolanta"]
[Result "0-1"]
[WhiteElo "2020"]
[BlackElo "2385"]
[PlyCount "82"]
[EventDate "2009.??.??"]

1. d4 Nf6 2. c4 g6 3. Nc3 Bg7 4. e4 d6 5. Nf3 O-O 6. Be2 e5 7. dxe5 dxe5 8.
Qxd8 Rxd8 9. Bg5 Rf8 10. O-O c6 11. Nxe5 Nxe4 12. Nxe4 Bxe5 13. Bf6 Bxf6 14.
Nxf6+ Kg7 15. Ne4 Na6 16. a3 Be6 17. c5 Bd5 18. Bxa6 Bxe4 19. Bc4 Rfd8 20. Rfe1
Rd4 21. Rac1 Kf6 22. f3 Bf5 23. Kf2 Rad8 24. g4 Be6 25. Bxe6 fxe6 26. Re2 R8d5
27. Rc3 Rd3 28. Rxd3 Rxd3 29. Re3 Rd2+ 30. Re2 Rxe2+ 31. Kxe2 Kg5 32. Ke3 Kh4
33. Kf4 Kh3 34. Kg5 Kxh2 35. Kh6 Kg3 36. Kxh7 g5 37. Kg6 Kf4 38. b4 e5 39. Kf6
Kxf3 40. Kxg5 e4 41. Kf5 e3 0-1

[Event "Queenstown Classic"]
[Site "Queenstown"]
[Date "2009.01.19"]
[Round "5.24"]
[White "Smokina, Karolina"]
[Black "Markovitz, Neil"]
[Result "1/2-1/2"]
[WhiteElo "2251"]
[BlackElo "2015"]
[PlyCount "64"]
[EventDate "2009.??.??"]

1. d4 Nf6 2. c4 Nc6 3. Nf3 e6 4. a3 d5 5. e3 Ne4 6. Nc3 Nxc3 7. bxc3 Be7 8. Qc2
Bf6 9. Bb2 O-O 10. Rd1 Na5 11. Ne5 Bd7 12. cxd5 exd5 13. Nxd7 Qxd7 14. Bd3 g6
15. O-O b5 16. f3 Nc4 17. Bc1 Be7 18. Qa2 c5 19. e4 cxd4 20. cxd4 Rac8 21. Bb1
Qc6 22. Rfe1 Rfe8 23. f4 dxe4 24. Bxe4 Qf6 25. Qb3 a6 26. Qf3 Red8 27. d5 Nd6
28. Bd3 Bf8 29. Kh1 Re8 30. Rxe8 Rxe8 31. f5 Qc3 32. Qf2 Qb3 1/2-1/2

[Event "Queenstown Classic"]
[Site "Queenstown"]
[Date "2009.01.19"]
[Round "5.25"]
[White "Goodhue, Nathan"]
[Black "Illingworth, Max"]
[Result "0-1"]
[WhiteElo "2009"]
[BlackElo "2250"]
[Annotator "Bob"]
[PlyCount "156"]
[EventDate "2009.??.??"]

1. b3 c5 2. Bb2 Nc6 3. f4 d5 4. Nf3 Nf6 5. e3 e6 6. d4 Qc7 7. g3 b6 8. c3 Be7
9. Bd3 Bb7 10. Nbd2 a6 11. a4 {(=)} 11... h6 12. Qe2 Rg8 13. Ne5 g5 14. Rc1 Rg7
15. Rf1 a5 16. Bb5 O-O-O 17. Nxc6 Bxc6 18. Bxc6 Qxc6 19. b4 c4 20. b5 Qe8 21.
Kd1 Qg8 22. Ra1 Re8 23. Ba3 Nd7 24. Bxe7 Rxe7 25. e4 f5 26. e5 gxf4 27. Rxf4
Rg6 28. Kc2 Reg7 29. Raf1 Qh7 30. Qh5 Kc7 31. R1f2 Qg8 32. Qe2 Kb8 33. Rf1 Qe8
34. Kb2 Qg8 35. R1f2 Rg4 36. Nf1 Nf8 37. Ne3 Rxf4 38. Rxf4 Nh7 39. Nf1 Kc7 40.
Nd2 Kd7 41. Qh5 Rg6 42. Qe2 Ke7 43. Qd1 Kd7 44. Qh1 Qd8 45. Qa1 Ke8 46. Qd1 Qg5
47. Nf3 Qe7 48. Nd2 Qg7 49. Qh5 Ke7 50. Qd1 Ng5 51. g4 Nh3 52. gxf5 Nxf4 53.
fxg6 Qxg6 54. Qf3 Qf5 55. Qg3 Kf7 56. Nf3 Nd3+ 57. Ka3 Qf4 58. Qxf4+ Nxf4 59.
Nh4 h5 60. Kb2 Kg7 61. Kc2 Kh6 62. Nf3 Kg6 63. Kd2 Nd3 64. Ke3 Nb2 65. Kd2 Kf5
66. h4 Nd3 67. Ke3 Nf4 68. Ng5 Ng2+ 69. Kf2 Nxh4 70. Nf7 Ke4 71. Nd6+ Kd3 72.
Nc8 Kxc3 73. Nxb6 Kxd4 74. Nxc4 dxc4 75. b6 c3 76. Ke2 c2 77. Kd2 Nf3+ 78. Kxc2
Nxe5 0-1

[Event "Queenstown Classic"]
[Site "Queenstown"]
[Date "2009.01.19"]
[Round "5.26"]
[White "Goldsmith, Alan"]
[Black "Fitzpatrick, Andrew"]
[Result "0-1"]
[WhiteElo "2226"]
[BlackElo "2008"]
[PlyCount "60"]
[EventDate "2009.??.??"]

1. d4 d5 2. c4 Nc6 3. Nf3 Bg4 4. Nc3 e6 5. Bf4 Nf6 6. e3 Bd6 7. h3 Bxf3 8. Qxf3
Bxf4 9. Qxf4 O-O 10. O-O-O Na5 11. e4 dxc4 12. d5 Qe7 13. dxe6 fxe6 14. Qe3 c6
15. g4 e5 16. Rg1 b5 17. g5 Nh5 18. g6 h6 19. Ne2 Rad8 20. Rxd8 Rxd8 21. Ng3 c3
22. Qxc3 b4 23. Nf5 bxc3 24. Nxe7+ Kf8 25. Nf5 Rd2 26. b4 Nb7 27. Bc4 Nf4 28.
Nxh6 Nd6 29. Rg5 Nxc4 30. Rf5+ Ke8 0-1

[Event "Queenstown Classic"]
[Site "Queenstown"]
[Date "2009.01.19"]
[Round "5.27"]
[White "Stojic, Dusan"]
[Black "Richard, Voon"]
[Result "1-0"]
[WhiteElo "2219"]
[BlackElo "1976"]
[PlyCount "87"]
[EventDate "2009.??.??"]

1. e4 c5 2. Nf3 d6 3. d4 cxd4 4. Nxd4 Nf6 5. Nc3 a6 6. Bg5 e6 7. f4 Be7 8. Qf3
Qc7 9. O-O-O Nbd7 10. g4 b5 11. Bxf6 Nxf6 12. g5 Nd7 13. f5 Ne5 14. Qg3 Bd7 15.
h4 b4 16. Nce2 a5 17. fxe6 fxe6 18. Nf4 Rc8 19. Ba6 O-O 20. Bxc8 Rxc8 21. Rh2
a4 22. Kb1 a3 23. b3 Qb7 24. Re2 Qa6 25. Ree1 Rc3 26. Re3 Rxe3 27. Qxe3 Ng4 28.
Qe2 Qc8 29. Qxg4 e5 30. Nf5 Bxf5 31. Qxf5 Qxf5 32. exf5 exf4 33. Rf1 h6 34.
gxh6 gxh6 35. Rxf4 d5 36. f6 Bd6 37. f7+ Kf8 38. Rf5 Bg3 39. h5 d4 40. Kc1 Be1
41. Kd1 Bc3 42. Ke2 Bb2 43. Kd3 Bc3 44. Kc4 1-0

[Event "Queenstown Classic"]
[Site "Queenstown"]
[Date "2009.01.19"]
[Round "5.39"]
[White "Korenevski, Oleg"]
[Black "McNabb, Matthew"]
[Result "0-1"]
[WhiteElo "1954"]
[BlackElo "2095"]
[PlyCount "28"]
[EventDate "2009.??.??"]

1. d4 d5 2. Nf3 Nf6 3. Bf4 c6 4. c3 g6 5. e3 Bg7 6. Bd3 Nbd7 7. Nbd2 Nh5 8. Qc2
c5 9. dxc5 e5 10. Bg5 f6 11. Bxg6+ hxg6 12. Qxg6+ Kf8 13. Bh4 e4 14. Nd4 Ne5
0-1

[Event "Queenstown Classic"]
[Site "Queenstown"]
[Date "2009.01.19"]
[Round "5.40"]
[White "Svendsen, Peter"]
[Black "Neudel, Bernd"]
[Result "1-0"]
[WhiteElo "2007"]
[BlackElo "1946"]
[PlyCount "54"]
[EventDate "2009.??.??"]

1. d4 d5 2. c4 e6 3. Nc3 Nf6 4. Bg5 Nbd7 5. e3 c6 6. Nf3 Be7 7. Bd3 O-O 8. O-O
Re8 9. Qc2 dxc4 10. Bxc4 Nd5 11. Bxe7 Qxe7 12. Rfe1 Nxc3 13. bxc3 e5 14. e4
exd4 15. cxd4 h6 16. h3 Nb6 17. Bf1 Qf6 18. Re3 Be6 19. a4 Rac8 20. Rb1 Rb8 21.
a5 Na8 22. Qc5 a6 23. Qa7 Qd8 24. Rxb7 Rxb7 25. Qxb7 Qxa5 26. Qxc6 Nc7 27. d5
Bc8 1-0

[Event "Queenstown Classic"]
[Site "Queenstown"]
[Date "2009.01.19"]
[Round "5.41"]
[White "Matheson, Laurence"]
[Black "Flitney, Adrian"]
[Result "1/2-1/2"]
[WhiteElo "1943"]
[BlackElo "1990"]
[PlyCount "61"]
[EventDate "2009.??.??"]

1. e4 e6 2. d4 d5 3. exd5 exd5 4. Nf3 Bf5 5. c4 Nc6 6. Bd3 Bxd3 7. Qxd3 Nb4 8.
Qc3 dxc4 9. O-O Be7 10. a3 Nd5 11. Qxc4 Nb6 12. Qb5+ c6 13. Qe5 Nf6 14. Re1
Nbd5 15. Nc3 O-O 16. Bg5 Re8 17. Nxd5 Nxd5 18. Qf5 Qc8 19. Qd3 h6 20. Bxe7 Nxe7
21. Re5 Ng6 22. Re4 Qd7 23. Rae1 Rxe4 24. Qxe4 Rd8 25. h3 Qd5 26. Qxd5 Rxd5 27.
Re8+ Kh7 28. g3 c5 29. dxc5 Rxc5 30. h4 f6 31. Kg2 1/2-1/2

[Event "Queenstown Classic"]
[Site "Queenstown"]
[Date "2009.01.19"]
[Round "5.43"]
[White "Milligan, Helen"]
[Black "Cooper, Nigel"]
[Result "1-0"]
[WhiteElo "1976"]
[BlackElo "1872"]
[PlyCount "49"]
[EventDate "2009.??.??"]

1. e4 e6 2. d4 d5 3. Nc3 dxe4 4. Nxe4 Be7 5. Nf3 Nf6 6. Bd3 Nbd7 7. c3 c5 8.
O-O cxd4 9. Nxd4 O-O 10. Qe2 Nxe4 11. Bxe4 Nf6 12. Bc2 h6 13. Rd1 Qb6 14. Be3
Qc7 15. Nb5 Qe5 16. Qd3 Bc5 17. Nd4 Qc7 18. b4 Bb6 19. c4 a6 20. c5 Ba7 21.
Rac1 Rd8 22. Nb5 Qd7 23. Qxd7 Rxd7 24. Rxd7 Nxd7 25. Nxa7 1-0

[Event "Queenstown Classic"]
[Site "Queenstown"]
[Date "2009.01.20"]
[Round "6.2"]
[White "Johansen, Darryl"]
[Black "Mikhalevski, Victor"]
[Result "1/2-1/2"]
[WhiteElo "2455"]
[BlackElo "2608"]
[PlyCount "48"]
[EventDate "2009.??.??"]

1. c4 e6 2. Nc3 d5 3. d4 Bb4 4. cxd5 exd5 5. Bf4 c5 6. e3 Nc6 7. dxc5 Qa5 8.
Nge2 Bg4 9. f3 Be6 10. a3 Bxc3+ 11. Nxc3 Qxc5 12. Nb5 Rd8 13. Rc1 Qe7 14. Qa4
g5 15. Bc7 Rd7 16. Bg3 Bf5 17. Kf2 Qf6 18. Nd4 Nge7 19. h4 g4 20. h5 O-O 21.
Bh4 Qe5 22. Bg3 Qf6 23. Bh4 Qe5 24. Bg3 Qf6 1/2-1/2

[Event "Queenstown Classic"]
[Site "Queenstown"]
[Date "2009.01.19"]
[Round "5.35"]
[White "Marner, Gavin"]
[Black "Ansell, Allan"]
[Result "1/2-1/2"]
[WhiteElo "2049"]
[BlackElo "1300"]
[PlyCount "48"]
[EventDate "2009.??.??"]

1. e4 c6 2. d4 d5 3. e5 Bf5 4. Nc3 e6 5. g4 Bg6 6. h4 h5 7. g5 c5 8. Nge2 Nc6
9. Be3 Nge7 10. Qd2 Nf5 11. O-O-O cxd4 12. Bxd4 Nfxd4 13. Nxd4 Nxe5 14. Bb5+
Nd7 15. Rhe1 Be7 16. Nf3 O-O 17. Bxd7 Qxd7 18. Ne5 Qc8 19. Nxg6 fxg6 20. Qd3
Bb4 21. Qxg6 Bxc3 22. bxc3 Qxc3 23. Qxe6+ Kh8 24. Qe5 Qa3+ 1/2-1/2

[Event "Queenstown Classic"]
[Site "Queenstown"]
[Date "2009.01.19"]
[Round "5.37"]
[White "Shaw, Robin"]
[Black "Stevans, Tristan"]
[Result "1/2-1/2"]
[WhiteElo "1831"]
[BlackElo "2020"]
[PlyCount "95"]
[EventDate "2009.??.??"]

1. e4 d5 2. d4 dxe4 3. f3 Nf6 4. c4 c6 5. Nc3 exf3 6. Nxf3 Bf5 7. Be2 e6 8. O-O
Nbd7 9. Bf4 Nb6 10. Ne5 Be7 11. g4 Bg6 12. h4 Ne4 13. Nxe4 Bxe4 14. Nxf7 Qd7
15. Nxh8 Bf6 16. Be5 O-O-O 17. Nf7 Qxf7 18. g5 Qg6 19. Bh5 Bxe5 20. Bxg6 Bxd4+
21. Qxd4 Rxd4 22. Rf8+ Kc7 23. Rf7+ Kb8 24. Rf8+ Kc7 25. Rf7+ Kd6 26. Bxe4 Rxe4
27. b3 Rxh4 28. Rxg7 Kc5 29. Kf2 Nc8 30. Kg3 Rd4 31. Rxh7 Nd6 32. g6 Nf5+ 33.
Kf3 e5 34. Re1 Rf4+ 35. Kg2 Rg4+ 36. Kh2 Nd4 37. Rxe5+ Kd6 38. Ree7 Nf3+ 39.
Kh3 Rxg6 40. Rd7+ Kc5 41. Rhg7 Ng1+ 42. Kh4 Rh6+ 43. Kg5 Rh2 44. Rxb7 Rxa2 45.
Rxa7 Rb2 46. Rgb7 Nf3+ 47. Kf4 Nd2 48. Ra5+ {=} 1/2-1/2

[Event "Queenstown Classic"]
[Site "Queenstown"]
[Date "2009.01.19"]
[Round "5.44"]
[White "Tanoi, Toleaoa"]
[Black "Williams, Pablo"]
[Result "0-1"]
[WhiteElo "1956"]
[BlackElo "1633"]
[PlyCount "85"]
[EventDate "2009.??.??"]

1. d4 Nf6 2. c4 e6 3. Nf3 Bb4+ 4. Bd2 Qe7 5. g3 d5 6. cxd5 exd5 7. Ne5 O-O 8.
Nc3 c5 9. Be3 Ne4 10. Rc1 f6 11. Nf3 Re8 12. Bg2 Nxc3 13. bxc3 Ba3 14. Rb1 Bf5
15. O-O Bxb1 16. Qxb1 Na6 17. Qb3 c4 18. Qb5 Nc7 19. Qb1 b6 20. Bf4 Ne6 21. e3
Nxf4 22. gxf4 Rad8 23. Nh4 Qf7 24. Kh1 Qh5 25. Nf3 Qg6 26. Qb5 Qh5 27. Rg1 Kh8
28. Qa6 Bf8 29. h3 Qf5 30. Nh2 h5 31. a4 Re7 32. Qb5 Red7 33. Nf1 Qc2 34. Qc6
Qxf2 35. Qe6 Qc2 36. e4 Re7 37. Qf5 dxe4 38. Qxh5+ Kg8 39. Ne3 Qd2 40. Nd5 Rxd5
41. Qxd5+ Rf7 42. Bxe4 Qxc3 43. Bg6 0-1

[Event "Queenstown Classic"]
[Site "Queenstown"]
[Date "2009.01.19"]
[Round "5.46"]
[White "Egan, Bill"]
[Black "Oliver, Shannon"]
[Result "0-1"]
[WhiteElo "1776"]
[BlackElo "1937"]
[PlyCount "66"]
[EventDate "2009.??.??"]

1. d4 Nf6 2. c4 g6 3. Nc3 Bg7 4. e4 d6 5. Bg5 O-O 6. Be2 Na6 7. Qd2 Qe8 8. h3
e5 9. d5 Nc5 10. Qe3 a6 11. b4 Na4 12. Rc1 Nxc3 13. Rxc3 c6 14. Nf3 Nh5 15. O-O
f5 16. Nh2 Nf4 17. f3 Nxe2+ 18. Qxe2 h6 19. Bd2 f4 20. Rd1 Rf7 21. Be1 Bf8 22.
Nf1 g5 23. Qf2 h5 24. Nh2 Rh7 25. Kf1 Qg6 26. Ke2 g4 27. fxg4 hxg4 28. Nxg4
Bxg4+ 29. hxg4 Qxe4+ 30. Kd2 Rh2 31. Rf3 Qxc4 32. Rc3 Qxd5+ 33. Kc1 Qxg2 0-1

[Event "Queenstown Classic"]
[Site "Queenstown"]
[Date "2009.01.19"]
[Round "5.47"]
[White "King, Mathew"]
[Black "Mitchell, Robert S"]
[Result "1-0"]
[WhiteElo "1934"]
[BlackElo "1719"]
[PlyCount "45"]
[EventDate "2009.??.??"]

1. e4 d6 2. d4 Nf6 3. Nc3 g6 4. f4 Bg7 5. Nf3 c5 6. dxc5 Qa5 7. Bd3 Qxc5 8. Qe2
Bg4 9. h3 Bxf3 10. Qxf3 Nfd7 11. e5 Nc6 12. Be3 Nd4 13. Bxd4 Qxd4 14. O-O-O Qc5
15. Bb5 Rb8 16. Rd5 Qb6 17. exd6 e6 18. Na4 Qd8 19. Nc5 Qf6 20. Re5 Qh4 21.
Nxd7 Rd8 22. g3 Qh6 23. Qxb7 1-0

[Event "Queenstown Classic"]
[Site "Queenstown"]
[Date "????.??.??"]
[Round "5.28"]
[White "Lauterbach, Ingrid"]
[Black "Stojic, Svetozar"]
[Result "1-0"]
[WhiteElo "2154"]
[BlackElo "1972"]
[PlyCount "61"]
[EventDate "2009.??.??"]

1. e4 c5 2. Nf3 d6 3. g3 Nc6 4. Bg2 g6 5. O-O Bg7 6. c3 e5 7. d3 Nge7 8. Nbd2
O-O 9. Nh4 Be6 10. f4 f5 11. Ndf3 h6 12. Bh3 Qc8 13. exf5 gxf5 14. Qe2 b5 15.
Re1 Rb8 16. Be3 b4 17. fxe5 Nxe5 18. d4 Bc4 19. Qd2 bxc3 20. bxc3 Ng4 21. Bf4
Qd7 22. dxc5 Nd5 23. Bxd6 Bxc3 24. Qc1 Bb2 25. Qxc4 Ngf6 26. Rad1 Rb4 27. Qc2
Rd8 28. Bxf5 Qc6 29. Be6+ Kh8 30. Ng6+ Kg7 31. Nge5 1-0